000
00330nam a2200133Ia 4500
003
OSt
008
191201s2011 xx 000 0 und d
100
_a
CHANDRA, Tukika
245
0
_a
English Paper based on Chronicle of Time BA I
260
_a
N. Delhi
_b
Vikas Pub
_c
2011
300
_a
276
650
_a
General Books
942
_2
ddc
_c
BK
999
_c
290
_d
290